000
00437nam a2200181Ia 4500
008
090124s9999 xx 000 0 und d
082
_b
46775
100
_a
किनरे जयंत
245
_a
आर्त
250
_a
1
260
_c
2007
300
_a
218
600
_a
किनरे जयंत
630
_a
आर्त
700
_a
किनरे जयंत
730
_a
आर्त
942
_c
BOOK
999
_c
113002
_d
113002